Sự phát huy tính tích cực, tinh thần chủ động trong lập trường sáng tác của các nhà văn Xô-viết và sự phát triển phong phú, đa dạng của nền văn học Xô-viết đương đại /
Guardado en:
| Autor principal: | |
|---|---|
| Formato: | Artículo |
| Lenguaje: | Vietnamese |
| Materias: | |
| Etiquetas: |
Agregar Etiqueta
Sin Etiquetas, Sea el primero en etiquetar este registro!
|
| Thư viện lưu trữ: | Thư viện Trường Đại học Đà Lạt |
|---|
| LEADER | 00951nam a2200265 4500 | ||
|---|---|---|---|
| 001 | DLU090074473 | ||
| 005 | ##20090508 | ||
| 040 | # | # | |a DLU |b vie |
| 041 | # | # | |a vie |
| 044 | # | # | |a vn |
| 100 | # | # | |a Hoàng Ngọc Hiến. |
| 245 | # | # | |a Sự phát huy tính tích cực, tinh thần chủ động trong lập trường sáng tác của các nhà văn Xô-viết và sự phát triển phong phú, đa dạng của nền văn học Xô-viết đương đại / |c Hoàng Ngọc Hiến. |
| 653 | # | # | |a Chủ nghĩa cộng sản |
| 653 | # | # | |a Chủ nghĩa Mác-Lênin |
| 653 | # | # | |a Tư tưởng chính trị |
| 773 | # | # | |t Tạp chí văn học |g Số 2, 1983, tr.28-39 |
| 920 | # | # | |a Phòng Tạp chí -- Trung tâm Thông tin - Thư viện Trường Đại học Đà Lạt |
| 994 | # | # | |a DLU |
| 900 | # | # | |a True |
| 911 | # | # | |a Nguyễn Thị Linh Chi |
| 925 | # | # | |a G |
| 926 | # | # | |a A |
| 927 | # | # | |a BB |
| 980 | # | # | |a Thư viện Trường Đại học Đà Lạt |